ბათუმის შოთა რუსთაველის სახელმწიფო უნივერსიტეტის ბიბლიოთეკა

Sleisenger and Fordtran's Gastrointestinal and Liver Disease: (ბიბ.ჩანაწერი № 63921)

000 -LEADER
fixed length control field 00780nam a22001937a 4500
005 - DATE AND TIME OF LATEST TRANSACTION
control field 20260220111625.0
008 - FIXED-LENGTH DATA ELEMENTS--GENERAL INFORMATION
fixed length control field 260220s2006 enk||||| |||| 00| 0 geo d
020 ## - INTERNATIONAL STANDARD BOOK NUMBER
International Standard Book Number 9789996002618x
041 ## - LANGUAGE CODE
Language code of text/sound track or separate title eng
080 ## - UNIVERSAL DECIMAL CLASSIFICATION NUMBER
Universal Decimal Classification number 616 S-67
245 ## - TITLE STATEMENT
Title Sleisenger and Fordtran's Gastrointestinal and Liver Disease:
Remainder of title Pathophysiology, Diagnosis, Management (Volume 2) /
Statement of responsibility, etc. Edited by Mark Feldman; Lawrence S. Friedman; Lawrence J. Brandt.
250 ## - EDITION STATEMENT
Edition statement 18 th edition
264 ## - PRODUCTION, PUBLICATION, DISTRIBUTION, MANUFACTURE, AND COPYRIGHT NOTICE
Place of production, publication, distribution, manufacture New York :
Name of producer, publisher, distributor, manufacturer Saunders,
Date of production, publication, distribution, manufacture, or copyright notice 2006.
300 ## - PHYSICAL DESCRIPTION
Extent 2889 p.:
Other physical details ill.;
Dimensions 28 cm.
700 ## - ADDED ENTRY--PERSONAL NAME
Personal name Feldman, Mark
Relator term რედაქტორი
9 (RLIN) 26933
700 ## - ADDED ENTRY--PERSONAL NAME
Personal name Friedman, Lawrence S.
Relator term რედაქტორი
9 (RLIN) 26934
700 ## - ADDED ENTRY--PERSONAL NAME
Personal name Brandt, Lawrence J.
Relator term რედაქტორი
9 (RLIN) 26935
942 ## - ADDED ENTRY ELEMENTS (KOHA)
Source of classification or shelving scheme
Koha item type წიგნი
ეგზემპლარები
Withdrawn status Lost status Source of classification or shelving scheme Damaged status Not for loan Permanent Location Current Location Shelving location Date acquired Cost, normal purchase price Full call number Barcode Date last seen Copy number Price effective from Koha item type Public note
          ბათუმის შოთა რუსთაველის სახელმწიფო უნივერსიტეტის მთავარი ბიბლიოთეკა ბათუმის შოთა რუსთაველის სახელმწიფო უნივერსიტეტის მთავარი ბიბლიოთეკა წიგნსაცავი 2026-02-20 235.00 616 S-67 73784 2026-02-20 73784 2026-02-20 წიგნი 235 ლ.